Cultura y explosión (Record no. 17231)

MARC details
000 -LEADER
campo de control de longitud fija 00867nam a2200277 i 4500
001 - NÚMERO DE CONTROL
campo de control 17231
003 - IDENTIFICADOR DE NÚMERO DE CONTROL
campo de control ES-MaACL
005 - FECHA Y HORA DE LA ÚLTIMA TRANSACCIÓN
campo de control 20250815125311.0
007 - CAMPO FIJO DE DESCRIPCIÓN FÍSICA--INFORMACIÓN GENERAL
campo de control de longitud fija t|
008 - DATOS DE LONGITUD FIJA--INFORMACIÓN GENERAL
campo de control de longitud fija 010123s1999 sp ||||0| spa j
020 ## - NÚMERO INTERNACIONAL ESTÁNDAR DEL LIBRO
Número Internacional Estándar del Libro 84-7432-649-4
040 ## - FUENTE DE CATALOGACIÓN
Centro catalogador/agencia de origen M-BN
Lengua de catalogación spa
Centro/agencia transcriptor M-BN
080 ## - NÚMERO DE LA CLASIFICACIÓN DECIMAL UNIVERSAL
Número de la Clasificación Decimal Universal 316.42
100 1# - ENTRADA PRINCIPAL--NOMBRE DE PERSONA
Nombre de persona Lotman, Iuriï Mijaïlovich.
9 (RLIN) 74300
245 10 - MENCIÓN DEL TÍTULO
Título Cultura y explosión
Resto del título : lo previsible y lo imprevisible en los procesos de cambio social /
Mención de responsabilidad, etc. por Yuri M. Lotman ; con prólogo de Jorge Lozano.
250 ## - MENCION DE EDICION
Mención de edición 1ª ed.
260 ## - PUBLICACIÓN, DISTRIBUCIÓN, ETC.
Lugar de publicación, distribución, etc. Barcelona :
Nombre del editor, distribuidor, etc. Gedisa,
Fecha de publicación, distribución, etc. 1999.
300 ## - DESCRIPCIÓN FÍSICA
Extensión VIII, 238 p. ;
Dimensiones 23 cm.
490 1# - MENCIÓN DE SERIE
Mención de serie Serie Cla-de-ma
650 17 - PUNTO DE ACCESO ADICIONAL DE MATERIA--TÉRMINO DE MATERIA
Término de materia o nombre geográfico como elemento de entrada Cambio social
Fuente del encabezamiento o término embne
9 (RLIN) 10692
700 1# - ENTRADA AGREGADA--NOMBRE PERSONAL
Nombre de persona Lozano, Jorge.
9 (RLIN) 74420
830 0# - PUNTO DE ACCESO ADICIONAL DE SERIE-TÍTULO UNIFORME
Título uniforme Serie Cla-de-ma
9 (RLIN) 180262
852 ## - LOCALIZACIÓN
Ubicación ES-MaACL
Número de control de estantería L-24197
Sublocalización o colección R.129393
Holdings
Estatus retirado Estado de pérdida Estado de daño No para préstamo Biblioteca de origen Biblioteca actual Ubicación en estantería Fecha de adquisición Fuente de adquisición Total de préstamos Signatura topográfica completa Código de barras Visto por última vez Precio de reemplazo Tipo de ítem Koha
        Biblioteca del Ateneo de Madrid Biblioteca del Ateneo de Madrid Depósito 2 17/01/2008     L-24197 1017578 23/02/2023 23/02/2023 Libro impreso